| 000 | 00378nam a2200133Ia 4500 | ||
|---|---|---|---|
| 008 | 220217s9999||||xx |||||||||||||| ||und|| | ||
| 020 | _a81-224-1335-8 | ||
| 082 | _a005.1 AGA | ||
| 100 |
_aAggarwal, K.K Singh, Yogesh _91857 |
||
| 245 | 0 | _aSoftware engineering | |
| 260 |
_aNew age international _bBangalore _c2001 |
||
| 300 | _b200 | ||
| 650 |
_aSOFTWARE ENGINEERING _91072 |
||
| 999 |
_c167711 _d167711 |
||